| 000 | 00711 a2200205 4500 | ||
|---|---|---|---|
| 020 | _a0471263885 | ||
| 020 | _a9780471263883 | ||
| 082 | _a530.141 | ||
| 090 |
_c1181 _d1181 |
||
| 100 | 1 | _aBladel, Jean G. Van. | |
| 245 | 1 | 0 |
_aElectromagnetic fields / _cJean G. Van Bladel. |
| 250 | _a2nd ed. | ||
| 260 |
_a[S.l.] : _bWiley-IEEE Press, _c2007. |
||
| 300 |
_a1176 p. ; _c26 cm. |
||
| 490 | 1 | _aIeee press series on electromagnetic wave theory. | |
| 700 | _aBladel, Jean G. Van. | ||
| 830 | 0 | _aIeee press series on electromagnetic wave theory. | |
| 942 |
_aSNS _cBK _k530.141 BLA |
||
| 999 |
_c29794 _d29794 |
||